000 00365nam a2200145Ia 4500
008 090124s9999 xx 000 0 und d
082 _b400014
245 _a काळा चोर
250 _a1
260 _bमहाजन जगन्नाथ
300 _a32
630 _a काळा चोर
730 _a काळा चोर
942 _cBOOK
999 _c195935
_d195935